[Event "Deutsche Ländermeisterschaft 2024"]
[Site "Tübingen GER"]
[Date "2024.10.06"]
[Round "7"]
[White "Jacobasch, Ronja"]
[Black "Rössling, Laura Marie"]
[Result "1-0"]
[Termination "normal"]
[Board "4.7"]
[WhiteElo "1879"]
[BlackElo "1623"]
[WhiteClock "00:02:12"]
[BlackClock "00:01:04"]
[WhiteTeam "Sachsen"]
[BlackTeam "Sachsen-Anhalt"]
[PlyCount "71"]
[WhiteFideId "34604340"]
[BlackFideId "16289471"]
[EventCountry "GER"]
[EventRounds "7"]
[EventType "team-swiss"]
[EventDate "2024.10.02"]

1. Nf3 {[%clk 01:30:57]} {[%emt 12:27:41]} d5 {[%clk 01:30:11]} {[%emt
00:00:49]} 2. g3 {[%clk 01:31:14]} {[%emt 00:00:15]} Nc6 {[%clk 01:29:25]}
{[%emt 00:01:16]} 3. Bg2 {[%clk 01:31:32]} {[%emt 00:00:12]} e5 {[%clk
01:29:32]} {[%emt 00:00:23]} 4. d3 {[%clk 01:31:31]} {[%emt 00:00:31]} Nf6
{[%clk 01:25:55]} {[%emt 00:04:06]} 5. O-O {[%clk 01:31:40]} {[%emt 00:00:21]}
Be7 {[%clk 01:24:20]} {[%emt 00:02:04]} 6. Nbd2 {[%clk 01:28:35]} {[%emt
00:03:35]} O-O {[%clk 01:22:41]} {[%emt 00:02:10]} 7. c3 {[%clk 01:25:41]}
{[%emt 00:03:24]} Nd7 {[%clk 01:04:18]} {[%emt 00:18:52]} 8. Qc2 {[%clk
01:05:09]} {[%emt 00:21:02]} f5 {[%clk 00:53:00]} {[%emt 00:11:48]} 9. e4
{[%clk 01:04:34]} {[%emt 00:01:05]} Nb6 {[%clk 00:48:57]} {[%emt 00:04:33]} 10.
exd5 {[%clk 01:00:30]} {[%emt 00:04:35]} Nxd5 {[%clk 00:47:39]} {[%emt
00:01:47]} 11. Nc4 {[%clk 00:54:49]} {[%emt 00:06:11]} Bf6 {[%clk 00:39:37]}
{[%emt 00:08:25]} 12. Re1 {[%clk 00:50:15]} {[%emt 00:05:11]} Re8 {[%clk
00:31:22]} {[%emt 00:08:45]} 13. Bd2 {[%clk 00:31:29]} {[%emt 00:19:17]} b5
{[%clk 00:18:03]} {[%emt 00:13:49]} 14. Ne3 {[%clk 00:14:18]} {[%emt 00:17:41]}
Nxe3 {[%clk 00:14:43]} {[%emt 00:03:50]} 15. Bxe3 {[%clk 00:13:53]} {[%emt
00:00:55]} Bd7 {[%clk 00:09:36]} {[%emt 00:05:37]} 16. a4 {[%clk 00:11:30]}
{[%emt 00:02:53]} bxa4 {[%clk 00:06:30]} {[%emt 00:03:36]} 17. Rxa4 {[%clk
00:10:06]} {[%emt 00:01:54]} Qe7 {[%clk 00:03:25]} {[%emt 00:03:35]} 18. Raa1
{[%clk 00:09:03]} {[%emt 00:01:33]} e4 {[%clk 00:02:53]} {[%emt 00:01:02]} 19.
dxe4 {[%clk 00:08:39]} {[%emt 00:00:54]} fxe4 {[%clk 00:03:05]} {[%emt
00:00:19]} 20. Nd2 {[%clk 00:08:22]} {[%emt 00:00:47]} Bf5 {[%clk 00:02:16]}
{[%emt 00:01:19]} 21. Ra4 {[%clk 00:07:07]} {[%emt 00:01:45]} Qd7 {[%clk
00:01:23]} {[%emt 00:01:23]} 22. Bxe4 {[%clk 00:06:21]} {[%emt 00:01:17]} Bxe4
{[%clk 00:01:20]} {[%emt 00:00:32]} 23. Nxe4 {[%clk 00:05:48]} {[%emt
00:01:03]} Be7 {[%clk 00:01:23]} {[%emt 00:00:27]} 24. Rd1 {[%clk 00:04:23]}
{[%emt 00:01:56]} Qf5 {[%clk 00:00:54]} {[%emt 00:00:59]} 25. Qb3+ {[%clk
00:03:32]} {[%emt 00:01:21]} Kh8 {[%clk 00:00:51]} {[%emt 00:00:33]} 26. Qd5
{[%clk 00:02:06]} {[%emt 00:01:57]} Qf3 {[%clk 00:00:47]} {[%emt 00:00:33]} 27.
Ng5 {[%clk 00:01:44]} {[%emt 00:00:52]} Qxd5 {[%clk 00:00:44]} {[%emt
00:00:33]} 28. Rxd5 {[%clk 00:02:06]} {[%emt 00:00:09]} Bxg5 {[%clk 00:00:56]}
{[%emt 00:00:18]} 29. Bxg5 {[%clk 00:01:37]} {[%emt 00:00:59]} Re1+ {[%clk
00:00:55]} {[%emt 00:00:30]} 30. Kg2 {[%clk 00:02:01]} {[%emt 00:00:07]} h6
{[%clk 00:01:08]} {[%emt 00:00:17]} 31. Be3 {[%clk 00:02:05]} {[%emt 00:00:26]}
Rb1 {[%clk 00:01:24]} {[%emt 00:00:14]} 32. Rc5 {[%clk 00:02:09]} {[%emt
00:00:27]} Ne7 {[%clk 00:00:45]} {[%emt 00:01:08]} 33. Re4 {[%clk 00:02:11]}
{[%emt 00:00:27]} Ng6 {[%clk 00:00:52]} {[%emt 00:00:24]} 34. b4 {[%clk
00:01:54]} {[%emt 00:00:46]} Rc8 {[%clk 00:00:42]} {[%emt 00:00:40]} 35. Rc6
{[%clk 00:02:12]} {[%emt 00:00:12]} Kh7 {[%clk 00:01:04]} {[%emt 00:00:08]} 36.
Bxa7 {[%emt 00:01:18]} 1-0

[Event "Deutsche Ländermeisterschaft 2024"]
[Site "Tübingen GER"]
[Date "2024.10.06"]
[Round "7"]
[White "Nönnig, Lotte"]
[Black "Stiehler, Mara"]
[Result "0-1"]
[Termination "normal"]
[Board "4.8"]
[WhiteElo "1658"]
[BlackElo "1601"]
[WhiteClock "00:01:39"]
[BlackClock "01:07:58"]
[WhiteTeam "Sachsen-Anhalt"]
[BlackTeam "Sachsen"]
[PlyCount "70"]
[WhiteFideId "34611509"]
[BlackFideId "34621199"]
[EventCountry "GER"]
[EventRounds "7"]
[EventType "team-swiss"]
[EventDate "2024.10.02"]

1. e4 {[%clk 01:30:57]} {[%emt 00:00:03]} e6 {[%clk 01:30:58]} {[%emt
00:00:03]} 2. d4 {[%clk 01:31:16]} {[%emt 00:00:11]} d5 {[%clk 01:31:24]}
{[%emt 00:00:03]} 3. Nd2 {[%clk 01:31:24]} {[%emt 00:00:22]} Be7 {[%clk
01:31:50]} {[%emt 00:00:04]} 4. Bd3 {[%clk 01:22:25]} {[%emt 00:09:31]} c5
{[%clk 01:32:03]} {[%emt 00:00:18]} 5. exd5 {[%clk 01:17:15]} {[%emt 00:05:40]}
Qxd5 {[%clk 01:32:22]} {[%emt 00:00:10]} 6. Ngf3 {[%clk 01:07:57]} {[%emt
00:09:48]} cxd4 {[%clk 01:30:31]} {[%emt 00:02:22]} 7. O-O {[%clk 01:03:57]}
{[%emt 00:04:30]} Nc6 {[%clk 01:29:09]} {[%emt 00:01:51]} 8. Nb3 {[%clk
01:00:20]} {[%emt 00:04:08]} e5 {[%clk 01:28:33]} {[%emt 00:01:06]} 9. Re1
{[%clk 00:57:17]} {[%emt 00:03:33]} Nf6 {[%clk 01:27:23]} {[%emt 00:01:40]} 10.
Qe2 {[%clk 00:55:20]} {[%emt 00:02:25]} Bg4 {[%clk 01:24:49]} {[%emt 00:03:05]}
11. Bc4 {[%clk 00:33:50]} {[%emt 00:22:01]} Bxf3 {[%clk 01:24:30]} {[%emt
00:00:49]} 12. Bxd5 {[%clk 00:31:39]} {[%emt 00:02:40]} Bxe2 {[%clk 01:24:50]}
{[%emt 00:00:09]} 13. Bxc6+ {[%clk 00:31:40]} {[%emt 00:00:30]} bxc6 {[%clk
01:25:15]} {[%emt 00:00:05]} 14. Rxe2 {[%clk 00:31:44]} {[%emt 00:00:25]} Nd7
{[%clk 01:25:36]} {[%emt 00:00:10]} 15. Bd2 {[%clk 00:30:28]} {[%emt 00:01:45]}
f6 {[%clk 01:24:07]} {[%emt 00:02:00]} 16. Rae1 {[%clk 00:28:51]} {[%emt
00:02:06]} c5 {[%clk 01:24:02]} {[%emt 00:00:36]} 17. f4 {[%clk 00:27:23]}
{[%emt 00:01:58]} Bd6 {[%clk 01:23:17]} {[%emt 00:01:15]} 18. fxe5 {[%clk
00:22:07]} {[%emt 00:05:46]} fxe5 {[%clk 01:23:37]} {[%emt 00:00:10]} 19. Bf4
{[%clk 00:18:51]} {[%emt 00:03:46]} O-O {[%clk 01:22:56]} {[%emt 00:01:11]} 20.
Bg3 {[%clk 00:18:38]} {[%emt 00:00:42]} Rf5 {[%clk 01:21:05]} {[%emt 00:02:22]}
21. Na5 {[%clk 00:16:45]} {[%emt 00:02:23]} Re8 {[%clk 01:17:43]} {[%emt
00:03:53]} 22. Nc6 {[%clk 00:15:14]} {[%emt 00:02:01]} a6 {[%clk 01:16:52]}
{[%emt 00:01:21]} 23. c3 {[%clk 00:11:02]} {[%emt 00:04:42]} d3 {[%clk
01:12:21]} {[%emt 00:05:00]} 24. Rd2 {[%clk 00:09:45]} {[%emt 00:01:47]} c4
{[%clk 01:11:56]} {[%emt 00:00:56]} 25. Nd4 {[%clk 00:04:05]} {[%emt 00:06:09]}
Bc5 {[%clk 01:11:02]} {[%emt 00:01:25]} 26. Bf2 {[%clk 00:03:13]} {[%emt
00:01:20]} Bxd4 {[%clk 01:10:17]} {[%emt 00:01:16]} 27. cxd4 {[%clk 00:03:03]}
{[%emt 00:00:40]} e4 {[%clk 01:10:15]} {[%emt 00:00:32]} 28. Rdd1 {[%clk
00:01:34]} {[%emt 00:01:59]} Nb6 {[%clk 01:08:43]} {[%emt 00:02:01]} 29. Be3
{[%clk 00:01:04]} {[%emt 00:01:00]} Nd5 {[%clk 01:08:16]} {[%emt 00:00:57]} 30.
h3 {[%clk 00:01:02]} {[%emt 00:00:32]} Nb4 {[%clk 01:07:34]} {[%emt 00:01:13]}
31. Rf1 {[%clk 00:00:46]} {[%emt 00:00:46]} Rxf1+ {[%clk 01:07:20]} {[%emt
00:00:43]} 32. Rxf1 {[%clk 00:01:03]} {[%emt 00:00:13]} Nc2 {[%clk 01:07:37]}
{[%emt 00:00:13]} 33. Bf2 {[%clk 00:01:14]} {[%emt 00:00:15]} e3 {[%clk
01:07:50]} {[%emt 00:00:21]} 34. Bg3 {[%clk 00:01:18]} {[%emt 00:00:25]} e2
{[%clk 01:08:03]} {[%emt 00:00:18]} 35. Rc1 {[%clk 00:01:39]} {[%emt 00:00:09]}
d2 {[%clk 01:07:58]} {[%emt 00:00:35]} 0-1

[Event "Deutsche Ländermeisterschaft 2024"]
[Site "Tübingen GER"]
[Date "2024.10.06"]
[Round "7"]
[White "Kauth, Lukas"]
[Black "Weihrauch, Jakob"]
[Result "0-1"]
[Termination "normal"]
[Board "5.1"]
[BlackTitle "FM"]
[WhiteElo "1990"]
[BlackElo "2260"]
[WhiteClock "00:09:26"]
[BlackClock "00:15:15"]
[WhiteTeam "SG Baden / Württemberg"]
[BlackTeam "Hamburg"]
[PlyCount "60"]
[WhiteFideId "16272994"]
[BlackFideId "16210115"]
[EventCountry "GER"]
[EventRounds "7"]
[EventType "team-swiss"]
[EventDate "2024.10.02"]

1. e4 {[%clk 01:30:43]} {[%emt 10:11:04]} c5 {[%clk 01:30:54]} 2. Nf3 {[%clk
01:30:36]} d6 {[%clk 01:31:19]} 3. d4 {[%clk 01:30:31]} cxd4 4. Nxd4 {[%clk
01:30:48]} Nf6 {[%clk 01:32:10]} 5. Nc3 {[%clk 01:30:47]} a6 {[%clk 01:32:37]}
6. Bd3 {[%clk 01:30:20]} g6 {[%clk 01:32:34]} 7. f3 {[%clk 01:29:56]} Bg7
{[%clk 01:31:24]} {[%emt 00:01:16]} 8. Be3 {[%clk 01:29:57]} {[%emt 00:00:29]}
Nc6 {[%clk 01:29:12]} {[%emt 00:02:42]} 9. Qd2 {[%clk 01:19:03]} {[%emt
00:11:24]} O-O {[%clk 01:27:15]} {[%emt 00:02:28]} 10. O-O-O {[%clk 00:59:16]}
{[%emt 00:20:17]} d5 {[%clk 01:24:53]} {[%emt 00:02:52]} 11. exd5 {[%clk
00:59:23]} {[%emt 00:00:22]} Nxd5 {[%clk 01:25:14]} {[%emt 00:00:09]} 12. Nxc6
{[%clk 00:59:29]} {[%emt 00:00:24]} bxc6 {[%clk 01:25:33]} {[%emt 00:00:11]}
13. Bc4 {[%clk 00:58:58]} {[%emt 00:01:02]} Bxc3 {[%clk 01:10:06]} {[%emt
00:15:57]} 14. bxc3 {[%clk 00:58:06]} {[%emt 00:01:22]} Qa5 {[%clk 01:10:24]}
{[%emt 00:00:13]} 15. Bxd5 {[%clk 00:43:49]} {[%emt 00:14:46]} Qa3+ {[%clk
00:56:30]} {[%emt 00:14:23]} 16. Kb1 {[%clk 00:43:59]} {[%emt 00:00:20]} cxd5
{[%clk 00:56:59]} {[%emt 00:00:02]} 17. Ka1 {[%clk 00:43:06]} {[%emt 00:01:21]}
e5 {[%clk 00:56:36]} {[%emt 00:00:54]} 18. Rb1 {[%clk 00:37:21]} {[%emt
00:06:15]} Be6 {[%clk 00:56:06]} {[%emt 00:01:00]} 19. Rb3 {[%clk 00:35:45]}
{[%emt 00:02:06]} Qe7 {[%clk 00:50:41]} {[%emt 00:05:56]} 20. Rb2 {[%clk
00:25:52]} {[%emt 00:10:22]} Rac8 {[%clk 00:45:30]} {[%emt 00:05:41]} 21. Qe1
{[%clk 00:21:47]} {[%emt 00:04:35]} Qc7 {[%clk 00:37:00]} {[%emt 00:08:59]} 22.
Bd2 {[%clk 00:20:44]} {[%emt 00:01:34]} Rb8 {[%clk 00:34:45]} {[%emt 00:02:45]}
23. Qc1 {[%clk 00:17:56]} {[%emt 00:03:19]} Qd6 {[%clk 00:20:03]} {[%emt
00:15:12]} 24. Rxb8 {[%clk 00:16:28]} {[%emt 00:01:57]} Rxb8 {[%clk 00:20:30]}
{[%emt 00:00:04]} 25. h4 {[%clk 00:16:16]} {[%emt 00:00:42]} d4 {[%clk
00:17:36]} {[%emt 00:03:23]} 26. h5 {[%clk 00:16:08]} {[%emt 00:00:39]} Qc5
{[%clk 00:14:36]} {[%emt 00:03:30]} 27. hxg6 {[%clk 00:15:57]} {[%emt
00:00:41]} fxg6 {[%clk 00:14:54]} {[%emt 00:00:12]} 28. c4 {[%clk 00:10:01]}
{[%emt 00:06:26]} Qxc4 {[%clk 00:15:01]} {[%emt 00:00:22]} 29. Qa3 {[%clk
00:10:19]} {[%emt 00:00:11]} Qxc2 {[%clk 00:14:54]} {[%emt 00:00:37]} 30. Rxh7
{[%clk 00:09:26]} {[%emt 00:01:24]} Qb1# {[%clk 00:15:15]} {[%emt 00:00:06]}
0-1

[Event "Deutsche Ländermeisterschaft 2024"]
[Site "Tübingen GER"]
[Date "2024.10.06"]
[Round "7"]
[White "Fuhrmann, Bahne"]
[Black "Walter, Richard"]
[Result "1/2-1/2"]
[Termination "normal"]
[Board "5.2"]
[WhiteElo "2132"]
[BlackElo "1958"]
[WhiteClock "00:24:55"]
[BlackClock "01:15:50"]
[WhiteTeam "Hamburg"]
[BlackTeam "SG Baden / Württemberg"]
[PlyCount "83"]
[WhiteFideId "16244842"]
[BlackFideId "34620028"]
[EventCountry "GER"]
[EventRounds "7"]
[EventType "team-swiss"]
[EventDate "2024.10.02"]

1. d4 {[%clk 01:30:57]} {[%emt 00:00:02]} d5 {[%clk 01:30:56]} 2. c4 {[%clk
01:31:23]} e6 {[%clk 01:31:23]} 3. Nf3 {[%clk 01:31:49]} Nf6 {[%clk 01:31:48]}
4. g3 {[%clk 01:32:16]} dxc4 {[%clk 01:32:13]} 5. Bg2 {[%clk 01:32:40]} c5
{[%clk 01:32:38]} 6. O-O {[%clk 01:33:02]} Nc6 {[%clk 01:33:04]} 7. dxc5 {[%clk
01:33:27]} Qxd1 8. Rxd1 {[%clk 01:33:53]} Bxc5 {[%clk 01:33:29]} 9. Nfd2 {[%clk
01:34:12]} Na5 {[%clk 01:33:20]} 10. Na3 {[%clk 01:34:35]} Bxa3 11. bxa3 {[%clk
01:35:01]} Bd7 {[%clk 01:33:58]} 12. Bb2 {[%clk 01:28:09]} {[%emt 00:04:29]}
Bc6 {[%clk 01:32:39]} {[%emt 00:01:50]} 13. Bxc6+ {[%clk 01:23:20]} {[%emt
00:05:18]} Nxc6 {[%clk 01:32:56]} {[%emt 00:00:13]} 14. Nxc4 {[%clk 01:23:42]}
{[%emt 00:00:08]} O-O {[%clk 01:30:04]} {[%emt 00:03:22]} 15. Nd6 {[%clk
01:06:22]} {[%emt 00:17:51]} Rab8 {[%clk 01:28:00]} {[%emt 00:02:34]} 16. Bxf6
{[%clk 00:54:41]} {[%emt 00:12:10]} gxf6 {[%clk 01:28:23]} {[%emt 00:00:07]}
17. Ne4 {[%clk 00:55:08]} {[%emt 00:00:03]} Kg7 {[%clk 01:27:49]} {[%emt
00:01:04]} 18. Rd7 {[%clk 00:54:32]} {[%emt 00:01:06]} Rfd8 {[%clk 01:23:23]}
{[%emt 00:04:57]} 19. Rad1 {[%clk 00:54:34]} {[%emt 00:00:28]} f5 {[%clk
01:19:03]} {[%emt 00:04:50]} 20. Nc5 {[%clk 00:51:47]} {[%emt 00:03:16]} Kf6
{[%clk 01:17:55]} {[%emt 00:01:38]} 21. f4 {[%clk 00:33:54]} {[%emt 00:18:23]}
b6 {[%clk 01:14:38]} {[%emt 00:03:47]} 22. Na6 {[%clk 00:33:36]} {[%emt
00:00:48]} Rxd7 {[%clk 01:14:33]} {[%emt 00:00:35]} 23. Rxd7 {[%clk 00:33:59]}
{[%emt 00:00:06]} Rc8 {[%clk 01:14:26]} {[%emt 00:00:37]} 24. Kf2 {[%clk
00:32:45]} {[%emt 00:01:45]} Kg6 {[%clk 01:08:41]} {[%emt 00:06:15]} 25. h3
{[%clk 00:29:38]} {[%emt 00:03:36]} h6 {[%clk 01:07:27]} {[%emt 00:01:44]} 26.
Ke3 {[%clk 00:27:12]} {[%emt 00:02:56]} Kf6 {[%clk 01:02:21]} {[%emt 00:05:36]}
27. Rb7 {[%clk 00:19:53]} {[%emt 00:07:49]} Na5 {[%clk 01:00:02]} {[%emt
00:02:48]} 28. Rxa7 {[%clk 00:19:24]} {[%emt 00:00:59]} Rc3+ {[%clk 01:00:15]}
{[%emt 00:00:17]} 29. Kf2 {[%clk 00:19:49]} {[%emt 00:00:06]} Rxa3 {[%clk
01:00:12]} {[%emt 00:00:33]} 30. Nb4 {[%clk 00:18:18]} {[%emt 00:02:01]} Nc4
{[%clk 00:54:47]} {[%emt 00:05:54]} 31. Rd7 {[%clk 00:16:02]} {[%emt 00:02:47]}
Na5 {[%clk 00:53:04]} {[%emt 00:02:13]} 32. Nd3 {[%clk 00:15:53]} {[%emt
00:00:39]} Nc4 {[%clk 00:51:06]} {[%emt 00:02:28]} 33. Nb4 {[%clk 00:16:09]}
{[%emt 00:00:15]} Na5 {[%clk 00:50:50]} {[%emt 00:00:45]} 34. Ra7 {[%clk
00:14:22]} {[%emt 00:02:17]} Nc4 {[%clk 00:51:14]} {[%emt 00:00:06]} 35. Rxa3
{[%clk 00:08:02]} {[%emt 00:06:51]} Nxa3 {[%clk 00:51:36]} {[%emt 00:00:08]}
36. Ke3 {[%clk 00:08:25]} {[%emt 00:00:07]} Nc4+ {[%clk 00:47:30]} {[%emt
00:04:36]} 37. Kd4 {[%clk 00:08:47]} {[%emt 00:00:08]} Nd6 {[%clk 00:47:28]}
{[%emt 00:00:32]} 38. Nd3 {[%clk 00:04:42]} {[%emt 00:04:35]} Nb5+ {[%clk
00:44:37]} {[%emt 00:03:21]} 39. Kc4 {[%clk 00:04:50]} {[%emt 00:00:22]} Nd6+
{[%clk 00:45:02]} {[%emt 00:00:05]} 40. Kd4 {[%clk 00:04:52]} {[%emt 00:00:28]}
Nb5+ {[%clk 00:45:27]} {[%emt 00:00:06]} 41. Kc4 {[%clk 00:24:33]} {[%emt
00:10:48]} Nd6+ {[%clk 01:15:50]} {[%emt 00:00:06]} 42. Kd4 {[%clk 00:24:55]}
{[%emt 00:00:09]} 1/2-1/2

[Event "Deutsche Ländermeisterschaft 2024"]
[Site "Tübingen GER"]
[Date "2024.10.06"]
[Round "7"]
[White "Schulz, Tim"]
[Black "Goldmann, David"]
[Result "0-1"]
[Termination "normal"]
[Board "5.3"]
[WhiteElo "1883"]
[BlackElo "1969"]
[WhiteClock "00:06:53"]
[BlackClock "01:07:06"]
[WhiteTeam "SG Baden / Württemberg"]
[BlackTeam "Hamburg"]
[PlyCount "71"]
[WhiteFideId "34629165"]
[BlackFideId "16268920"]
[EventCountry "GER"]
[EventRounds "7"]
[EventType "team-swiss"]
[EventDate "2024.10.02"]

1. d4 {[%clk 01:30:56]} {[%emt 00:00:02]} d5 {[%clk 01:30:53]} 2. Nf3 {[%clk
01:31:22]} e6 {[%clk 01:31:16]} 3. e3 {[%clk 01:31:44]} c5 {[%clk 01:31:42]} 4.
b3 {[%clk 01:31:30]} Nf6 {[%clk 01:30:08]} 5. Bb2 {[%clk 01:30:54]} cxd4 {[%clk
01:30:27]} 6. exd4 {[%clk 01:31:15]} Nc6 {[%clk 01:30:19]} 7. a3 {[%clk
01:30:05]} {[%emt 00:01:13]} Qb6 {[%clk 01:30:14]} {[%emt 00:00:36]} 8. Bd3
{[%clk 01:29:36]} {[%emt 00:00:58]} Bd6 {[%clk 01:27:58]} {[%emt 00:02:46]} 9.
O-O {[%clk 01:29:06]} {[%emt 00:01:00]} O-O {[%clk 01:28:00]} {[%emt 00:00:28]}
10. Nbd2 {[%clk 01:26:14]} {[%emt 00:03:23]} Qc7 {[%clk 01:27:00]} {[%emt
00:01:30]} 11. Qe2 {[%clk 01:24:22]} {[%emt 00:02:22]} Re8 {[%clk 01:26:33]}
{[%emt 00:00:56]} 12. Ne5 {[%clk 01:23:41]} {[%emt 00:01:11]} Bxe5 {[%clk
01:22:43]} {[%emt 00:04:21]} 13. dxe5 {[%clk 01:23:32]} {[%emt 00:00:39]} Nd7
{[%clk 01:22:59]} {[%emt 00:00:14]} 14. f4 {[%clk 01:18:42]} {[%emt 00:05:20]}
Nc5 {[%clk 01:22:41]} {[%emt 00:00:47]} 15. Rf3 {[%clk 01:16:38]} {[%emt
00:02:35]} Nxd3 {[%clk 01:21:52]} {[%emt 00:01:19]} 16. Qxd3 {[%clk 01:16:49]}
{[%emt 00:00:25]} Ne7 {[%clk 01:21:47]} {[%emt 00:00:35]} 17. Rh3 {[%clk
01:14:32]} {[%emt 00:02:40]} Ng6 {[%clk 01:21:33]} {[%emt 00:00:44]} 18. c4
{[%clk 01:10:53]} {[%emt 00:04:08]} dxc4 {[%clk 01:21:48]} {[%emt 00:00:17]}
19. Nxc4 {[%clk 01:10:23]} {[%emt 00:00:59]} h6 {[%clk 01:21:40]} {[%emt
00:00:39]} 20. Rf1 {[%clk 01:04:46]} {[%emt 00:06:06]} Rd8 {[%clk 01:19:13]}
{[%emt 00:02:58]} 21. Nd6 {[%clk 00:57:42]} {[%emt 00:07:34]} Ne7 {[%clk
01:18:30]} {[%emt 00:01:13]} 22. g4 {[%clk 00:54:15]} {[%emt 00:03:56]} Qc5+
{[%clk 01:18:27]} {[%emt 00:00:33]} 23. Bd4 {[%clk 00:53:02]} {[%emt 00:01:43]}
Qd5 {[%clk 01:18:23]} {[%emt 00:00:34]} 24. Qe3 {[%clk 00:43:16]} {[%emt
00:10:16]} b6 {[%clk 01:18:17]} {[%emt 00:00:37]} 25. Bb2 {[%clk 00:32:00]}
{[%emt 00:11:45]} Bb7 {[%clk 01:18:40]} {[%emt 00:00:07]} 26. Nxb7 {[%clk
00:29:34]} {[%emt 00:02:56]} Qxb7 {[%clk 01:19:05]} {[%emt 00:00:04]} 27. f5
{[%clk 00:28:43]} {[%emt 00:01:22]} exf5 {[%clk 01:17:46]} {[%emt 00:01:49]}
28. gxf5 {[%clk 00:27:32]} {[%emt 00:01:42]} Qd7 {[%clk 01:17:22]} {[%emt
00:00:53]} 29. f6 {[%clk 00:26:32]} {[%emt 00:01:31]} Nf5 {[%clk 01:17:46]}
{[%emt 00:00:06]} 30. Qf3 {[%clk 00:21:15]} {[%emt 00:05:46]} g6 {[%clk
01:18:06]} {[%emt 00:00:10]} 31. Qf4 {[%clk 00:16:57]} {[%emt 00:04:47]} Kh7
{[%clk 01:15:41]} {[%emt 00:02:55]} 32. Rhf3 {[%clk 00:13:07]} {[%emt
00:04:21]} Rac8 {[%clk 01:14:55]} {[%emt 00:01:17]} 33. R3f2 {[%clk 00:12:51]}
{[%emt 00:00:46]} Qe6 {[%clk 01:09:06]} {[%emt 00:06:18]} 34. b4 {[%clk
00:06:53]} {[%emt 00:06:28]} Rc4 {[%clk 01:07:55]} {[%emt 00:01:41]} 35. Qf3
{[%emt 00:01:34]} Nh4 {[%clk 01:07:06]} 36. Qg3 0-1

[Event "Deutsche Ländermeisterschaft 2024"]
[Site "Tübingen GER"]
[Date "2024.10.06"]
[Round "7"]
[White "Hubert, Charlotte"]
[Black "Ensslen, Jakob"]
[Result "1/2-1/2"]
[Termination "normal"]
[Board "5.4"]
[WhiteElo "1878"]
[BlackElo "1774"]
[WhiteClock "00:38:51"]
[BlackClock "00:27:56"]
[WhiteTeam "Hamburg"]
[BlackTeam "SG Baden / Württemberg"]
[PlyCount "40"]
[WhiteFideId "16265920"]
[BlackFideId "34640258"]
[EventCountry "GER"]
[EventRounds "7"]
[EventType "team-swiss"]
[EventDate "2024.10.02"]

1. e4 {[%clk 01:30:55]} e5 {[%clk 01:30:50]} 2. Nf3 {[%clk 01:31:10]} Nf6
{[%clk 01:31:11]} 3. Nxe5 {[%clk 01:28:56]} d6 {[%clk 01:31:31]} 4. Nf3 {[%clk
01:29:22]} Nxe4 {[%clk 01:31:41]} 5. Nc3 {[%clk 01:29:46]} Nxc3 6. dxc3 {[%clk
01:30:07]} d5 {[%clk 01:25:03]} {[%emt 00:06:01]} 7. Be3 {[%clk 01:27:48]}
{[%emt 00:02:48]} Be6 {[%clk 01:20:45]} {[%emt 00:04:49]} 8. Qd2 {[%clk
01:23:43]} {[%emt 00:04:34]} Bd6 {[%clk 01:20:12]} {[%emt 00:01:03]} 9. Bd3
{[%clk 01:21:16]} {[%emt 00:02:57]} Nd7 {[%clk 01:17:00]} {[%emt 00:03:42]} 10.
Ng5 {[%clk 01:16:08]} {[%emt 00:05:38]} Nf6 {[%clk 01:13:25]} {[%emt 00:04:05]}
11. O-O-O {[%clk 01:13:40]} {[%emt 00:02:57]} Qd7 {[%clk 01:00:13]} {[%emt
00:13:43]} 12. Nxe6 {[%clk 01:02:09]} {[%emt 00:12:00]} fxe6 {[%clk 00:56:10]}
{[%emt 00:04:33]} 13. f3 {[%clk 00:57:38]} {[%emt 00:05:02]} c5 {[%clk
00:50:02]} {[%emt 00:06:39]} 14. g4 {[%clk 00:55:20]} {[%emt 00:02:48]} Qa4
{[%clk 00:42:54]} {[%emt 00:07:38]} 15. Kb1 {[%clk 00:54:37]} {[%emt 00:01:12]}
O-O-O {[%clk 00:42:02]} {[%emt 00:01:23]} 16. g5 {[%clk 00:45:58]} {[%emt
00:09:08]} Nd7 {[%clk 00:41:03]} {[%emt 00:01:30]} 17. f4 {[%clk 00:44:39]}
{[%emt 00:01:49]} Rhf8 {[%clk 00:38:54]} {[%emt 00:02:40]} 18. Rhf1 {[%clk
00:43:02]} {[%emt 00:02:06]} g6 {[%clk 00:37:07]} {[%emt 00:02:17]} 19. Be2
{[%clk 00:40:48]} {[%emt 00:02:43]} Nb6 {[%clk 00:32:00]} {[%emt 00:05:37]} 20.
b3 {[%clk 00:38:51]} {[%emt 00:02:27]} Qe8 {[%clk 00:27:56]} {[%emt 00:04:34]}
1/2-1/2